Successful Survivor Idol Plays - Statistics

General Stats
  • This quiz has been taken 58 times
  • The average score is 32 of 39
Answer Stats
Season Idol played on Votes negated % Correct
Cambodia Kelley Wentworth 9
98%
Cambodia Kelley Wentworth 3
98%
Heroes vs Villains Parvati Shallow 4
98%
Heroes vs Healers vs Hustlers Ben Driebergen 6
93%
Heroes vs Healers vs Hustlers Ben Driebergen *None*
93%
Heroes vs Healers vs Hustlers Ben Driebergen 3
93%
Winners at War Ben Driebergen 2
93%
Cambodia Jeremy Collins 3
93%
Heroes vs Villains Jerri Manthey 5
93%
San Juan Del Sur Jon Misch 4
93%
Fiji YauMan Chan 4
93%
Worlds Apart Mike Holloway 4
91%
Winners at War Natalie Anderson 4
91%
Heroes vs Villains Tom Westman 3
91%
Game Changers Sarah Lacina 3
89%
Winners at War Denise Stapley 4
86%
San Juan Del Sur Keith Nale 3
86%
Game Changers Tai Trang 2
86%
Edge of Extinction Chris Underwood 3
84%
Philippines Jonathan Penner 7
84%
Edge of Extinction Rick Devens 4
80%
Edge of Extinction Rick Devens 3
80%
Samoa Russell Hantz 7
80%
Cambodia Stephen Fishbach 5
80%
Guatemala Gary 'Hawkins' Hogeboom *None*
77%
San Juan Del Sur Jaclyn Schulz 3
77%
Philippines Abi-Maria Gomes 3
75%
Game Changers Aubry Bracco 1
75%
David vs Goliath Christian Hubicki 7
75%
David vs Goliath Christian Hubicki 5
75%
Heroes vs Healers vs Hustlers Joe Mena 2
75%
Worlds Apart Carolyn Rivera 5
73%
Carmoan Eddie Fox 4
73%
Worlds Apart Jenn Brown 7
70%
Game Changers Sierra Dawn-Thomas 6
68%
Millennials vs Gen X Jessica Lewis 5
64%
Ghost Island Michael Yerger 7
64%
Island of the Idols Karishma Patel 7
59%
Island of the Idols Dean Kowalski 5
55%
No matching quizzes found
Score Distribution
Percent of People with Each Score
Percentile by Number Answered
Your Score History
You have not taken this quiz